000 00204nam a22000977a 4500
082 _a657.3
100 _aFUMBUKA,L,G.
245 _aSTUDY GUIDE FOR ADVANCED ACCOUNTACY
300 _a279P.;30CM
942 _cBK
999 _c20235
_d20235